000 00355pab a2200133 454500
008 180718b xxu||||| |||| 00| 0 eng d
100 _aJakhar Bal Ram
245 _aNew agricultural policy
362 _a37(14&15) 15 Aug 93, p.6-8
650 _a Agricultural Policy -- India
650 _aAgriculture -- Policy -- India
773 _aYojana
909 _a24649
999 _c24649
_d24649